Convenios y tratados internacionales sobre derechos humanos, nivel ONU
| Main Author: | |
|---|---|
| Format: | Section = Libro |
| Language: | Undetermined Spanish |
| Published: |
San José, Costa Rica
CSUCA
1998
|
| Subjects: |
| LEADER | 00602nam a2200217Ia 4500 | ||
|---|---|---|---|
| 008 | 240829s9999 xx 000 0 und d | ||
| 020 | |a 9977-02-017-5 | ||
| 040 | |a BIBLIOTECA-RUSB/ Ref 323 C766 | ||
| 041 | |a spa | ||
| 082 | |a Ref 323 C766 | ||
| 100 | 1 | |a Sagastume Gemmell, Marco Antonio | |
| 245 | 1 | 0 | |a Convenios y tratados internacionales sobre derechos humanos, nivel ONU |
| 260 | |a San José, Costa Rica |b CSUCA |c 1998 | ||
| 300 | |a 310 p. :il. | ||
| 650 | 7 | |a TRATADOS | |
| 650 | 7 | |b ESCLAVITUD | |
| 650 | 7 | |c REFUGIADOS | |
| 650 | 7 | |d DERECHOS HUMANOS | |
| 942 | |c BK |2 ddc | ||
| 991 | |a TEXTO | ||
| 999 | |c 5724 | ||